000 00672nam a2200193 a 4500
001 000025974
005 20200930024209.0
008 110225s2001 dr a 000 0 spa d
040 _aDO-SdBNP
_bspa
_cBNPHU
082 _axxx
_bC824m
100 1 _aCorrea, Alberto
_952868
245 1 0 _aMatefobia /
_cAlberto Correa.
260 _aSanto Domingo :
_bSecretaría de Estado de Educaión ;
_bSegundo Programa de Mejoramiento de la Educación Básica,
_c2001.
300 _a47 p. :
_bil. ;
_c22 cm.
500 _aIncluye datos biográficos del autor en la contraportada
504 _aBibliografía : p. 35-47
590 _a1 ejemplar autografíado por el autor
049 _aBNPD
999 _c25466
_d25466